000 00451nam 22001693 4500
001 199633
090 _a199633
100 _a20251218d u||y0pory50 ba
200 _aO marxismo
_fHenri Lefebvre
210 _aLisboa
_cCírculo de Leitores
_d1974
215 _a143 p
_cbrochado
_d20 cm
606 _91246
_aPolítica
675 _a32
_vPT
_zpor
700 _95836
_aLefebvre
_bHenri
_f1901-1991
801 _aPT
_bBMMN
_gRPC
830 _cFernando
_fFernando
990 _cLIVROS